书目信息 |
| 题名: |
快乐科普剧
|
|
| 作者: | 赵明 著 | |
| 分册: | 2 | |
| 出版信息: | 北京 北京少年儿童出版社 2008.012 |
|
| 页数: | 179页 | |
| 开本: | 24cm | |
| 丛书名: | ||
| 单 册: | ||
| 中图分类: | I287.3 | |
| 科图分类: | ||
| 主题词: | 儿童文学--中国--丛书 | |
| 电子资源: | ||
| ISBN: | 978-7-5301-2142-9 | |
| 000 | 00676 nam 000241 | |
| 001 | 0100010245 | |
| 005 | 20100803165520.74 | |
| 010 | @a978-7-5301-2142-9@dCNY20.00 | |
| 100 | @a20100801d1997 em y0chiy0121 ea | |
| 101 | @achi | |
| 102 | @aCN@b110000 | |
| 105 | @ay z 000yy | |
| 200 | 10 | @a快乐科普剧@Akuai le ke pu ju@h2@f赵明著@Fzhao ming zhu |
| 210 | @a北京@c北京少年儿童出版社@d2008.012 | |
| 215 | @a179页@d24cm | |
| 300 | @a北京科普创作出版专项资金资助 | |
| 540 | @a快乐科普剧 | |
| 606 | @a儿童文学@x中国@x丛书 | |
| 690 | @aI287.3@v4 | |
| 701 | 0 | @a赵明@Azhao ming@4著 |
| 801 | @aCN@bDYGS@c20100803 | |
| 901 | @a210902 | |
| 905 | @b971420-2@dI287.3@eZ312:2@f3 | |
| 快乐科普剧.2/赵明著.-北京:北京少年儿童出版社,2008.012 |
| 179页;24cm |
| 北京科普创作出版专项资金资助 |
| ISBN 978-7-5301-2142-9:CNY20.00 |
| ● |
| 相关链接 |
|
|
|
正题名:快乐科普剧
索取号:I287.3/Z312:2
 
预约/预借
| 序号 | 登录号 | 条形码 | 馆藏地/架位号 | 状态 | 备注 |
| 1 | 971420 | 209714200 | 社科二线422/116文学库 13排1列6层/ [索取号:I287.3/Z312:2] | 在馆 | |
| 2 | 971421 | 209714219 | 文学库116/116文学库 13排1列6层/ [索取号:I287.3/Z312:2] | 在馆 | |
| 3 | 971422 | 209714228 | 文学库116/116文学库 13排1列5层/ [索取号:I287.3/Z312:2] | 在馆 |